000 00797nam a22002657a 4500
003 UA-OsUOA
001 28085
007 ta
008 20040923b un ||||| |||| 00| 0 ukr d
100 _aЗацний Ю .А.
700 _aПахомова Т. О.
090 _a811.111(075)
_bЗ-38
942 _cBK
040 _aUA-OsUOA
_brus
_cUA-OsUOA
_dUA-OsUOA
245 _aМова і суспільство: збагачення словникового складу сучасної англійської мови
300 _a242 с.
955 _a0
041 _arus
080 _a811.111(075)
020 _a966-599-127-2
260 _aЗапоріжжя
_bЗапорізький державний університет
_c2001
044 _aRU
650 7 _2UDC
999 _c314442
_d314442